Statistics for The Reign of Henry VIII

Click here to take the quiz!

General Stats

  • This quiz has been taken 24,244 times
  • The average score is 13 of 20

Answer Stats

HintAnswer% Correct
His first wife{Catherine} of Aragon
96%
His second wife, executed in 1536Anne Boleyn
95%
Henry was part of this dynastyTudor
93%
Method of execution for all three of the aboveBeheading
86%
Legitimate childrenElizabeth
85%
Legitimate childrenMary
83%
Henry was the first Supreme Head of this churchChurch of England
80%
His third wifeJane Seymour
73%
Legitimate childrenEdward
71%
Title he was given by the Pope in 1521Defender of the {Faith}
67%
Henry was the first English king to rule this countryIreland
66%
Sport enjoyed by Henry that caused a festering leg woundJousting
59%
Palace that Henry confiscated from the above{Hampton} Court
50%
Chief advisor to Henry who advised him to split with Rome, executed in 1540Thomas {Cromwell}
49%
Lord Chancellor who was unable to get Henry's marriage annulledCardinal {Wolsey}
47%
Lord Chancellor who refused to recognize Henry's remarriage, executed in 1535Sir Thomas More
47%
His older brother who diedArthur
37%
Painter who painted Henry's most well-known portraitHans {Holbein} the Younger
33%
Protestant who was appointed Archbishop of Canterbury in 1533Thomas {Cranmer}
25%
Henry lost a wrestling bout to this French monarchFrancis I
24%

Score Distribution

Percentile by Number Answered

Percent of People with Each Score

Your Score History

You have not taken this quiz